Wikipedia Additional Countries - Statistics

General Stats
  • This quiz has been taken 497 times
  • The average score is 4 of 10
Answer Stats
“Countries” % Correct
Palestine
88%
Sahrawi Arab Democratic Republic
51%
Somaliland
44%
South Ossetia
44%
Abkhazia
42%
Transnistria
36%
Northern Cyprus
30%
Cook Islands
23%
Niue
23%
Artsakh
18%
No matching quizzes found
Score Distribution
Percent of People with Each Score
Percentile by Number Answered
Your Score History
You have not taken this quiz